000 00400nam a2200169 a 4500
001 0000-9215
003 ELIB.Books
008 110520 1961
035 _a(ELIB.Books)0000-9367
082 _a234.2
_bCar
100 _aCarter, L.
245 _aWarring Faith
260 _bChicago; Moody Press
_c1961
650 _aSalvation
942 _2ddc
_cBK
998 _cbat
_e2011-05-20
999 _c9215
_d9215